000 00379nam a2200169Ia 4500
003 0STCL
008 150530s9999 xx 000 0 und d
040 _aSTCL
_cSTCL
100 _aShanti Narayanan
245 _aElements of real analysis
250 _aSixth
260 _bS.Chand
_c1980
546 _aEnglish
942 _2ddc
_cBK
999 _c23588
_d23588
005 20220125165958.0